000 00771nam a2200217Ia 4500
001 10117
003 GE_BSU
008 181216s||||||||xx |||||||||||||| ||und||
020 _a9789941455186
040 _cGE_BSU
080 _a94(5)
100 _aჭირღვაია,ტარიელ.
245 _aაზიის ქვეყნების ახალი ისტორია
245 _cრედ.ემზარ მაკარაძე
260 _aქუთაისი
260 _bაკაკი წერეთლის სახ. უნ–ტის გამ–ბა
260 _c2014
300 _a263გვ.ილ.20სმ.
653 _aაზიის ქვეყნების ახალი ისტორია
942 _cBK
999 _c43389
_d43389